00317nam a2200121Ia 4500100001900000650002400019366000700043245008000050260003700130082000800167300000800175546001200183 aNair/sudhakar  aApplied mathematics f25 aAdvanced topics in Applied mathematics for engineering and physical science bCambridge University Pressc2011 bNAI a222 aENGLISH